Sports Quiz

Random Sports or Famous Quiz
Score 0/20 Timer 07:00
0 Plays Today
% Correct
Muhammad Ali (He throws only 6 punches; Inoki mostly lay on his back kicking)
93.2%
Andre Agassi & Roger Federer (Ballboys wearing jetpacks not shown)
93%
Sexes (Riggs: If I am to be a chauvinist pig, I want to be the number one pig)
92%
Hell's Kitchen (Taken out, he needs surgery on a ruptured Achilles tendon)
89.4%
Cheetah (It wins, but then it had a greater incentive: chasing a leg of lamb)
87.7%
George Foreman (Cosell: 'The thing is a carnival and it’s not pleasant to see!' )
87%
Michael Phelps (Many were hoping for a different sort of shark 'victory')
86%
Bear (It did NOT finish off Kobayashi for dessert)
83.3%
Evel Knievel (His parachute accidentally deploys after takeoff)
75.1%
Will Smith & Luke Perry (The latter clearly has a height & jumping advantage)
74.7%
% Correct
St. Louis ('Man, I felt like Babe Ruth' says Gaedel afterwards)
74.6%
Kareem Abdul-Jabbar beats Julius Erving 41-23 (Dr. J shoots 9 for 44!)
70.8%
Radar (The losing cop refrained from ticketing him for speeding though)
70.7%
Charles Barkley ('How am I going to drink and smoke if I don't play golf?')
67.6%
Jesse Owens ('Why do I race horses? You can't eat four gold medals.')
64.3%
Billy Crystal (Instead you get David Letterman paddling a rubber kayak)
60.6%
150 meters (Bailey said of the hurt Johnson: 'He didn't pull up, he's a chicken.')
60.6%
Usher (And only 14 NYC cabbies lean on their horns!)
55.7%
William Shatner (Donning the requisite official Paisley Tunic)
54.6%
Ted Williams ('Toughest pitcher I ever faced? You won't believe this... a girl')
54%
Remove Ads.
Support Sporcle.
Get the best of Sporcle when you Go Orange. This ad-free experience offers more features, more stats, and more fun while also helping to support Sporcle. Thank you for becoming a member.

You're not logged in!

Compare scores with friends on all Sporcle quizzes.
OR
Log In

Sporcle TV

Today on Sporcle TV


Watch our educational content, quiz creation guides, and fun videos on Sporcle TV.

Show Comments

Extras

Top Quizzes Today


Score Distribution

Paid Content

Your Account Isn't Verified!

In order to create a playlist on Sporcle, you need to verify the email address you used during registration. Go to your Sporcle Settings to finish the process.

Report this User

Report this user for behavior that violates our Community Guidelines.

Details: